Oceanian Geography By Letter D - Picture Quiz - Statistics

General Stats
  • This quiz has been taken 269 times
  • The average score is 3 of 9
Answer Stats
Picture Hint Answer % Correct
(animal) Dingo
88%
(city) Darwin
68%
(currency) Dollar
58%
{Darling} River
37%
(animal) {Dwarf} Cassowary
7%
{Dampier} Peninsula
3%
(archipelago) {D'Entrecasteaux} Islands
1%
(ethnic group) Djabugay
0%
{Dudley} Peninsula
0%
No matching quizzes found
Score Distribution
Percent of People with Each Score
Percentile by Number Answered
Your Score History
You have not taken this quiz